FC Bayern München Squad 2021-2022 - Statistics

General Stats
  • This quiz has been taken 250 times
  • The average score is 21 of 28
Answer Stats
# Position Nation Player % Correct
1 GK Germany Manuel Neuer
100%
9 FW Poland Robert Lewandowski
97%
6 MF Germany Joshua Kimmich
95%
10 FW Germany Leroy Sané
95%
7 FW Germany Serge Gnabry
95%
19 DF Canada Alphonso Davies
94%
11 FW France Kingsley Coman
93%
5 DF France Benjamin Pavard
91%
2 DF France Dayot Upamecano
89%
25 FW Germany Thomas Müller
89%
8 MF Germany Leon Goretzka
88%
4 DF Germany Niklas Süle
85%
26 GK Germany Sven Ulreich
83%
21 DF France Lucas Hernández
82%
13 FW Cameroon Eric Maxim Choupo-Moting
81%
18 MF Austria Marcel Sabitzer
81%
42 MF Germany Jamal Musiala
80%
- Coach Germany Julian Nagelsmann
77%
24 MF France Corentin Tolisso
68%
20 DF Senegal Bouna Sarr
66%
44 DF Croatia Josip Stanišić
65%
22 MF Spain Marc Roca
53%
3 DF England Omar Richards
52%
23 DF France Tanguy Nianzou
43%
36 GK Germany Christian Früchtl
41%
14 MF Germany Paul Wanner
34%
40 MF Germany Malik Tillman
24%
17 MF France Michaël Cuisance
23%
No matching quizzes found
Score Distribution
Percent of People with Each Score
Percentile by Number Answered
Your Score History
You have not taken this quiz